000 01194nam a22001937a 4500
008 230202s2023 xxk|||||o|||| 00| 0 eng d
041 _aeng
110 _aRoyal Institution of Chartered Surveyors
245 _aGlobal Commercial Property Monitor
_bQ4 2022
_h[Electronic resource]
260 _aLondon,
_bRoyal Institution of Chartered Surveyors,
_c2023
490 _aRICS Global Commercial Property Monitor
_vQ4 2022
520 _aA rise in interest rates and generally downbeat economic conditions led to a decline in the Global Commercial Property Sentiment Index (CPSI) towards the end of 2022 (-11 in Q3 to -15 during Q4). However, sentiment is still less negative than during the recent pandemic and in the aftermath of the Global Financial Crisis, when the Global CPSI reached a low of almost -40 in the first case, and close to -50 in the second.
650 _aCOMMERCIAL PROPERTY
651 _aInternational
690 _96227
_aCommercial property
710 _aRoyal Institution of Chartered Surveyors
856 _uhttps://www.rics.org/globalassets/rics-website/media/knowledge/research/market-surveys/q4-2022-gcpm-headline-report.pdf
_zAvailable free on RICS.org
942 _n0
999 _c121351
_d121351